000
00231 a2200109 4500
020
_a
9780590451567
041
_a
eng
100
_a
Ellen Levine
245
_a
If You Traveled On The Underground Railroad
942
_c
BK
952
_7
1
999
_c
23641
_d
23641